[Event "Russia Cup Final 2012"]
[Site "Khanty-Mansiisk RUS"]
[Date "2012.12.05"]
[Round "1.4"]
[White "Maletin,P"]
[Black "Inarkiev,E"]
[Result "1/2-1/2"]
[WhiteTitle "GM"]
[BlackTitle "GM"]
[WhiteElo "2567"]
[BlackElo "2693"]
[WhiteFideId "4146786"]
[BlackFideId "4162722"]
[EventDate "2012.12.04"]

1. Nf3 g6 2. g3 Bg7 3. c4 e5 4. Nc3 Nc6 5. Bg2 d6 6. O-O f5 7. d3 h6 8. Rb1 a5
9. a3 Nf6 10. b4 axb4 11. axb4 O-O 12. b5 Ne7 13. c5 Be6 14. b6 c6 15. Bb2 dxc5
16. Nxe5 Qxb6 17. Qc2 Qa5 18. Nd1 Nfd5 19. Nc4 Qa2 20. Qc1 b5 21. Nd2 Qa7 22.
Bxg7 Kxg7 23. Nb3 Bf7 24. e4 Nf6 25. Nxc5 fxe4 26. Nxe4 Nxe4 27. Bxe4 Qd4 28.
Ne3 Be6 29. Nc2 Qc3 30. Nb4 Ra3 31. Qxc3+ Rxc3 32. Rfc1 Rxc1+ 33. Rxc1 Bd7 34.
d4 Rf6 35. Rc5 Rd6 36. Nc2 Be6 37. f3 Bd5 38. Kf2 Re6 39. Ke3 g5 40. Kd3 Bc4+
41. Kd2 Bd5 42. Kd3 Bc4+ 43. Kd2 Bd5 44. Kd3 Bc4+ 1/2-1/2

[Event "Russia Cup Final 2012"]
[Site "Khanty-Mansiisk RUS"]
[Date "2012.12.05"]
[Round "1.4"]
[White "Bocharov,D"]
[Black "Timofeev,Arty"]
[Result "1-0"]
[WhiteTitle "GM"]
[BlackTitle "GM"]
[WhiteElo "2620"]
[BlackElo "2598"]
[WhiteFideId "4138716"]
[BlackFideId "4140419"]
[EventDate "2012.12.04"]

1. d4 Nf6 2. c4 g6 3. f3 d5 4. cxd5 Nxd5 5. e4 Nb6 6. Nc3 Bg7 7. Be3 Nc6 8. Bb5
O-O 9. Nge2 Na5 10. b3 e5 11. dxe5 Bxe5 12. O-O Qe7 13. Qe1 Rd8 14. Rd1 Rxd1 15.
Nxd1 a6 16. Bd3 Nc6 17. Nf2 Bg7 18. Qc1 Be6 19. f4 Rd8 20. Bb1 Nd4 21. Nxd4 Bxd4
22. Bxd4 Rxd4 23. f5 Bd7 24. Qxc7 Qd6 25. Qd8+ Kg7 26. e5 Qc5 27. Qf6+ Kh6 28.
e6 Bb5 29. h4 1-0

[Event "Russia Cup Final 2012"]
[Site "Khanty-Mansiisk RUS"]
[Date "2012.12.06"]
[Round "2.1"]
[White "Bocharov,D"]
[Black "Maletin,P"]
[Result "1/2-1/2"]
[WhiteTitle "GM"]
[BlackTitle "GM"]
[WhiteElo "2620"]
[BlackElo "2567"]
[WhiteFideId "4138716"]
[BlackFideId "4146786"]
[EventDate "2012.12.04"]

1. c4 c5 2. Nf3 Nc6 3. d4 cxd4 4. Nxd4 Nf6 5. Nc3 e6 6. a3 Be7 7. g3 Qb6 8. Nf3
O-O 9. b4 d5 10. cxd5 Nxd5 11. Nxd5 exd5 12. Bg2 Bf6 13. Ra2 d4 14. Bg5 Bxg5 15.
Nxg5 h6 16. Ne4 a5 17. Rb2 axb4 18. axb4 d3 19. O-O Qd4 20. Qd2 dxe2 21. Qxe2
Bg4 22. Qd2 Rad8 23. Qxd4 Nxd4 24. h3 Bf3 25. Bxf3 Nxf3+ 26. Kg2 Ne5 27. Re2 Nc6
28. Nc5 Nxb4 29. Nxb7 Rd5 30. Rb1 Nd3 31. Rb6 Rc8 32. Rd6 Rxd6 33. Nxd6 Rd8 34.
Nf5 Kf8 35. Ra2 h5 36. Ra7 g6 37. Ne3 Nc5 38. Nc4 Rd7 39. Rxd7 Nxd7 40. Kf3 Ke7 1/2-1/2

[Event "Russia Cup Final 2012"]
[Site "Khanty-Mansiisk RUS"]
[Date "2012.12.07"]
[Round "2.2"]
[White "Khairullin,I"]
[Black "Socko,B"]
[Result "1/2-1/2"]
[WhiteTitle "GM"]
[BlackTitle "GM"]
[WhiteElo "2632"]
[BlackElo "2631"]
[WhiteFideId "4151348"]
[BlackFideId "1107038"]
[EventDate "2012.12.04"]

1. c4 Nf6 2. d4 e6 3. Nc3 Bb4 4. e3 O-O 5. Ne2 d5 6. a3 Be7 7. cxd5 exd5 8. h3
c6 9. g4 Ne8 10. Bg2 f5 11. Nf4 Nd6 12. O-O Na6 13. f3 Nc7 14. e4 dxe4 15. fxe4
fxg4 16. hxg4 Nf7 17. Be3 Bg5 18. e5 Ne6 19. Nce2 Nxf4 20. Nxf4 Be6 21. Qe2 Bxf4
22. Rxf4 Qd7 23. Raf1 Nh6 24. Rxf8+ Rxf8 25. Rxf8+ Kxf8 26. Bxh6 gxh6 27. Qe3
Ke8 28. b4 Bxg4 29. b5 Be6 30. bxc6 bxc6 31. Kh2 Bd5 32. Bxd5 Qxd5 33. Qxh6 Qxd4
34. Qxc6+ Qd7 35. Qg2 Qe7 36. Qg8+ Qf8 37. Qe6+ Qe7 38. Qg8+ Qf8 39. Qe6+ Qe7
40. Qg8+ 1/2-1/2

[Event "Russia Cup Final 2012"]
[Site "Khanty-Mansiisk RUS"]
[Date "2012.12.07"]
[Round "2.2"]
[White "Maletin,P"]
[Black "Bocharov,D"]
[Result "1/2-1/2"]
[WhiteTitle "GM"]
[BlackTitle "GM"]
[WhiteElo "2567"]
[BlackElo "2620"]
[WhiteFideId "4146786"]
[BlackFideId "4138716"]
[EventDate "2012.12.04"]

1. Nf3 Nf6 2. c4 e6 3. g3 d5 4. Bg2 dxc4 5. Qa4+ Nbd7 6. Qxc4 a6 7. Qc2 c5 8. a4
b6 9. Na3 Bb7 10. d3 Ne5 11. O-O Nxf3+ 12. Bxf3 Bxf3 13. exf3 Be7 14. Be3 O-O
15. Rad1 Qd5 16. Kg2 Rac8 17. Nc4 Qb7 18. Qb3 Nd5 19. d4 Rc7 20. dxc5 bxc5 21.
Qc2 Rb8 22. Rd2 Qb3 23. Rc1 h6 24. a5 Qxc2 25. Rdxc2 Bf6 26. Nb6 Nxb6 27. axb6
Rxb6 28. Rxc5 Rxc5 29. Rxc5 Rxb2 30. Ra5 Rb4 31. Rxa6 Bd4 32. Bxd4 Rxd4 33. Rb6
Rc4 34. Ra6 Rb4 35. Rc6 Ra4 36. Rb6 Rc4 37. Ra6 Rd4 38. Rb6 Rc4 39. Ra6 Kh7 40.
Rb6 g5 1/2-1/2

[Event "Russia Cup Final 2012"]
[Site "Khanty-Mansiisk RUS"]
[Date "2012.12.07"]
[Round "2.3"]
[White "Bocharov,D"]
[Black "Maletin,P"]
[Result "1/2-1/2"]
[WhiteTitle "GM"]
[BlackTitle "GM"]
[WhiteElo "2620"]
[BlackElo "2567"]
[WhiteFideId "4138716"]
[BlackFideId "4146786"]
[EventDate "2012.12.04"]

1. Nf3 Nf6 2. g3 c5 3. Bg2 Nc6 4. O-O g6 5. d4 cxd4 6. Nxd4 Bg7 7. c4 O-O 8. Nc3
Nxd4 9. Qxd4 d6 10. Qd3 a6 11. Bd2 Rb8 12. Rac1 Bd7 13. a3 Ng4 14. b3 b5 15.
cxb5 axb5 16. Nd5 Ne5 17. Qb1 Bf5 18. e4 Bg4 19. f4 Nd7 20. h3 Be6 21. Nc7 Bc4
22. bxc4 bxc4 23. Nb5 Qb6+ 24. Kh2 Qxb5 25. Qxb5 Rxb5 26. Rxc4 Rb2 27. Bc1 Ra2
28. Rc7 Nc5 29. Kh1 Nd3 30. Be3 Bf6 31. Ra7 Rc8 32. e5 dxe5 33. fxe5 Nxe5 34.
Bh6 Bg7 35. Bd5 Rac2 36. Bxg7 Kxg7 37. Rxe7 Rc1 38. Kg1 Rxf1+ 39. Kxf1 Kf6 40.
Ra7 Rc5 41. Bg2 Rc1+ 42. Kf2 Rc2+ 43. Kg1 Rc1+ 44. Kf2 Rc2+ 45. Kg1 Rc1+ 46. Kf2
Rc2+ 1/2-1/2

[Event "Russia Cup Final 2012"]
[Site "Khanty-Mansiisk RUS"]
[Date "2012.12.07"]
[Round "2.4"]
[White "Maletin,P"]
[Black "Bocharov,D"]
[Result "1/2-1/2"]
[WhiteTitle "GM"]
[BlackTitle "GM"]
[WhiteElo "2567"]
[BlackElo "2620"]
[WhiteFideId "4146786"]
[BlackFideId "4138716"]
[EventDate "2012.12.04"]

1. Nf3 Nf6 2. c4 e6 3. g3 b6 4. Bg2 Bb7 5. O-O c5 6. Nc3 Be7 7. d4 cxd4 8. Qxd4
O-O 9. Rd1 d6 10. Bg5 Nbd7 11. Nb5 d5 12. cxd5 Bxd5 13. Nc3 Bb7 14. Qa4 Nd5 15.
Nxd5 Bxd5 16. Bxe7 Qxe7 17. Rac1 Nc5 18. Qh4 Qxh4 19. Nxh4 Bxg2 20. Nxg2 Rfc8
21. Rc2 Kf8 22. Ne3 Na4 23. Rdc1 Rxc2 24. Rxc2 Ke8 25. b3 Nc5 26. b4 Nd7 27. Kf1
b5 28. Ke1 a5 29. bxa5 Rxa5 30. Kd2 Ra3 31. Rb2 Nb6 32. Rxb5 Rxa2+ 33. Kd3 1/2-1/2

[Event "Russia Cup Final 2012"]
[Site "Khanty-Mansiisk RUS"]
[Date "2012.12.07"]
[Round "2.5"]
[White "Maletin,P"]
[Black "Bocharov,D"]
[Result "1/2-1/2"]
[WhiteTitle "GM"]
[BlackTitle "GM"]
[WhiteElo "2567"]
[BlackElo "2620"]
[WhiteFideId "4146786"]
[BlackFideId "4138716"]

1. d4 Nf6 2. Nf3 e6 3. e3 b6 4. Bd3 Bb7 5. O-O d5 6. Ne5 Be7 7. Nd2 O-O 8. b3
Nbd7 9. f4 c5 10. Qf3 Qc7 11. Qh3 Ne4 12. Nxe4 dxe4 13. Bc4 cxd4 14. exd4 Nxe5
15. fxe5 b5 16. Bxb5 Qb6 17. Be2 Qxd4+ 18. Be3 Qxe5 19. Rad1 Bc5 20. Kh1 Bxe3
21. Qxe3 a5 22. Qb6 Rab8 23. Rd7 Bc8 24. Rdxf7 Bd7 25. Rxf8+ Rxf8 26. Rxf8+ 1/2-1/2

[Event "Russia Cup Final 2012"]
[Site "Khanty-Mansiisk RUS"]
[Date "2012.12.08"]
[Round "3.1"]
[White "Bocharov,D"]
[Black "Khismatullin,D"]
[Result "1/2-1/2"]
[WhiteTitle "GM"]
[BlackTitle "GM"]
[WhiteElo "2620"]
[BlackElo "2647"]
[WhiteFideId "4138716"]
[BlackFideId "4142578"]
[EventDate "2012.12.04"]

1. c4 Nf6 2. Nf3 b6 3. g3 Bb7 4. Bg2 e6 5. O-O Be7 6. d4 O-O 7. Re1 a5 8. Nc3
Ne4 9. Qc2 Nxc3 10. bxc3 f5 11. d5 Na6 12. Nd4 Nc5 13. Ba3 Ne4 14. Bxe7 Qxe7 15.
Bxe4 fxe4 16. Qxe4 Qc5 17. Qd3 exd5 18. cxd5 Qxd5 19. f3 Ba6 20. Qd2 Rae8 21. e4
Qc5 22. Re3 Bc4 23. a4 Re5 24. f4 Ree8 25. Rae1 Kh8 26. h4 Ba6 27. Kh2 Qc4 28.
h5 Qf7 29. Qd1 d6 30. f5 Qf6 31. Nf3 Bb7 32. g4 h6 33. Kh3 Rg8 34. e5 dxe5 35.
Nxe5 Kh7 36. Qd3 Bc8 37. Qc4 c5 38. Kg3 Bb7 39. Qf4 Re7 40. Ng6 Rxe3+ 41. Rxe3
Qc6 42. Qf2 Qf6 43. Re6 Qxc3+ 44. Kh4 Bd5 45. Re5 Bf7 46. f6 Qc1 47. fxg7 Rxg7
48. Rf5 Bg8 49. Qf3 c4 50. Nf8+ Kh8 51. Ng6+ Kh7 52. Qe4 Qd2 53. Qe5 Qd1 54.
Nf8+ Kh8 55. Ng6+ Kh7 56. Nf8+ Kh8 57. Ng6+ 1/2-1/2

[Event "Russia Cup Final Women 2012"]
[Site "Khanty-Mansiisk RUS"]
[Date "2012.12.04"]
[Round "1.1"]
[White "Fominykh,M"]
[Black "Goryachkina,A"]
[Result "1-0"]
[WhiteTitle "WIM"]
[BlackTitle "WGM"]
[WhiteElo "2279"]
[BlackElo "2397"]
[WhiteFideId "4142411"]
[BlackFideId "4147103"]
[EventDate "2012.12.04"]

1. d4 d5 2. c4 c6 3. Nf3 Nf6 4. Nc3 dxc4 5. a4 Bf5 6. e3 e6 7. Bxc4 Bb4 8. O-O
Nbd7 9. h3 O-O 10. Nh4 Qe7 11. Nxf5 exf5 12. a5 Ne4 13. Qb3 Ndf6 14. Bd3 Rad8
15. Ne2 c5 16. Rd1 Qc7 17. a6 b6 18. f3 Nd6 19. Qc2 Qc8 20. Ng3 cxd4 21. exd4
Qxc2 22. Bxc2 g6 23. Bg5 Nde8 24. Ba4 Kg7 25. Rac1 h6 26. Bf4 Nd5 27. Ne2 g5 28.
Be5+ f6 29. Bg3 f4 30. Bf2 Nec7 31. Bb3 Rd6 32. g3 Re8 33. Nc3 Bxc3 34. bxc3 b5
35. c4 bxc4 36. Bxc4 Re7 37. Ra1 f5 38. Rdb1 Nb6 39. Bd3 fxg3 40. Bxg3 f4 41.
Be1 Ncd5 42. Be4 Red7 43. Kf2 Nf6 44. Bb4 Rxd4 45. Bc3 R4d6 46. Ra5 Kg8 47. Bf5
Rd8 48. h4 Kf7 49. hxg5 hxg5 50. Bc2 Rc6 51. Bb3+ Kg6 52. Bc2+ Kh6 53. Bxf6
Rxc2+ 54. Kf1 Re8 55. Bxg5+ Kg6 56. Bxf4 Ree2 57. Rxb6+ axb6 58. a7 Rf2+ 59. Kg1
Rg2+ 60. Kh1 bxa5 61. a8=Q Rge2 62. Qg8+ Kf6 63. Qf8+ Ke6 64. Qd6+ Kf5 65. Qf8+
Ke6 66. Qh6+ Kd7 67. Qd6+ Ke8 68. Qb8+ Kf7 69. Qa7+ Ke6 70. Qxa5 Rb2 71. Qa1 Kf5
72. Bg3 Ra2 73. Qb1+ Ke6 74. Qg6+ Kd5 75. Qd3+ Kc5 76. Qc3+ Kd5 77. Qd3+ Kc5 78.
Qb1 Reb2 79. Qc1+ Kb5 80. Bh4 Rc2 81. Qf1+ Kc5 82. Qd1 Kc4 83. Bg3 Rd2 84. Qf1+
Kb3 85. Qb1+ Kc4 86. f4 Kd4 87. f5 Ke3 88. Qf1 Rd4 89. f6 Rg4 90. f7 1-0

[Event "Russia Cup Final Women 2012"]
[Site "Khanty-Mansiisk RUS"]
[Date "2012.12.04"]
[Round "1.1"]
[White "Kovanova,B"]
[Black "Timofeeva,Ekaterina"]
[Result "1-0"]
[WhiteTitle "WGM"]
[BlackTitle "WIM"]
[WhiteElo "2378"]
[BlackElo "2307"]
[WhiteFideId "4164083"]
[BlackFideId "4193172"]

1. e4 c5 2. Nf3 e6 3. g3 Nc6 4. Bg2 g6 5. d4 cxd4 6. Nxd4 a6 7. O-O Bg7 8. Be3
Nge7 9. Nc3 O-O 10. Nxc6 Nxc6 11. f4 d6 12. Na4 b5 13. e5 d5 14. Nc5 f6 15. exf6
Bxf6 16. c3 Rb8 17. Bf2 Na5 18. Re1 Re8 19. Qd3 Nc4 20. b3 Nd6 21. Rad1 Kg7 22.
g4 h6 23. h3 Qa5 24. Bd4 Qd8 25. Re2 Rb6 26. Rde1 Nf7 27. Bf2 Rd6 28. Bd4 g5 29.
Be5 Rc6 30. b4 Nxe5 31. fxe5 Be7 32. Nb3 Qc7 33. Re3 Rc4 34. Nd4 Rf8 35. Bf3 Bd7
36. Bd1 Rxd4 37. cxd4 Qc4 38. a3 Rf4 39. Bc2 Qxd4 40. Qh7+ Kf8 41. Qh8+ Kf7 42.
Bg6+ 1-0

[Event "Russia Cup Final Women 2012"]
[Site "Khanty-Mansiisk RUS"]
[Date "2012.12.04"]
[Round "1.1"]
[White "Charochkina,D"]
[Black "Karnaukhova,Elmira"]
[Result "1-0"]
[WhiteTitle "WGM"]
[BlackTitle "WGM"]
[WhiteElo "2317"]
[BlackElo "2365"]
[WhiteFideId "4180917"]
[BlackFideId "4148827"]

1. d4 Nf6 2. c4 d6 3. Nc3 Nbd7 4. e4 e5 5. Nf3 Be7 6. Be2 O-O 7. O-O c6 8. Qc2
a6 9. Rd1 Qe8 10. a4 a5 11. h3 Bd8 12. b3 Bb6 13. Ba3 exd4 14. Bxd6 dxc3 15. e5
Nh5 16. Ng5 f5 17. e6 Ndf6 18. e7 Rf7 19. c5 Rxe7 20. Bc4+ Nd5 21. cxb6 Rd7 22.
Re1 Qg6 23. Qxf5 Nf6 24. Qe6+ Kh8 25. Qe5 h6 26. Ne6 Ne8 27. Bd3 Qxd3 28. Nc5
Qg6 29. Qxe8+ Kh7 30. Nxd7 Qxd6 31. Re6 Qxd7 32. Qg6+ Kg8 33. Re8+ Qxe8 34.
Qxe8+ Kh7 35. Re1 Nxb6 36. Qe4+ Kg8 37. Qg6 1-0

[Event "Russia Cup Final Women 2012"]
[Site "Khanty-Mansiisk RUS"]
[Date "2012.12.05"]
[Round "1.2"]
[White "Mirzoeva,E"]
[Black "Girya,O"]
[Result "1/2-1/2"]
[WhiteTitle "WGM"]
[BlackTitle "WGM"]
[WhiteElo "2276"]
[BlackElo "2467"]
[WhiteFideId "4127951"]
[BlackFideId "4195752"]
[EventDate "2012.12.04"]

1. d4 d5 2. c4 e6 3. Nc3 c6 4. Nf3 dxc4 5. e3 b5 6. a4 Bb4 7. Bd2 a5 8. axb5
Bxc3 9. Bxc3 cxb5 10. b3 Bb7 11. bxc4 b4 12. Bb2 Nf6 13. Bd3 O-O 14. O-O Nbd7
15. Nd2 Re8 16. Kh1 e5 17. d5 Nc5 18. Bc2 Bc8 19. f4 e4 20. Bd4 Qd6 21. Nb3 Nxb3
22. Bxb3 Nd7 23. Ba4 Rd8 24. Qc2 Nc5 25. Bc6 Ra7 26. Be5 Qe7 27. Rfd1 Bg4 28. d6
Qh4 29. Rd5 Nd3 30. Bd4 Ra6 31. Rg5 Rxc6 32. Bf6 Qxg5 33. Bxg5 Rdxd6 34. h3 Be6
35. Rxa5 h6 36. Be7 Rd7 37. f5 Rxe7 38. fxe6 Rexe6 39. Ra7 Rf6 40. Qa4 Rxc4 41.
Qe8+ Kh7 42. Ra8 Kg6 43. Qh8 Nc5 44. Qc8 b3 45. Rb8 Rc2 46. Kh2 Re6 47. Rxb3
Nxb3 48. Qxc2 Na5 49. g4 Nc6 50. Qf2 Re5 51. Qc2 Ne7 52. Qc7 f6 53. Qc3 1/2-1/2

[Event "Russia Cup Final Women 2012"]
[Site "Khanty-Mansiisk RUS"]
[Date "2012.12.05"]
[Round "1.2"]
[White "Goryachkina,A"]
[Black "Fominykh,M"]
[Result "1-0"]
[WhiteTitle "WGM"]
[BlackTitle "WIM"]
[WhiteElo "2397"]
[BlackElo "2279"]
[WhiteFideId "4147103"]
[BlackFideId "4142411"]
[EventDate "2012.12.04"]

1. d4 Nf6 2. c4 g6 3. Nc3 Bg7 4. e4 d6 5. Nf3 O-O 6. h3 e5 7. d5 a5 8. g4 Na6 9.
Be3 Bd7 10. Nd2 Nc5 11. Be2 Ne8 12. Qc2 a4 13. a3 f5 14. gxf5 gxf5 15. O-O-O b6
16. Rhg1 Kh8 17. Kb1 fxe4 18. Bg4 Nf6 19. Bxc5 bxc5 20. Ndxe4 Nxe4 21. Nxe4 Be8
22. Be2 Bh6 23. Bd3 Bh5 24. Rde1 Qe8 25. Ng5 Bxg5 26. Rxg5 Qf7 27. f4 Rab8 28.
fxe5 dxe5 29. Qc3 Bg6 30. Bxg6 hxg6 31. Qxe5+ Qf6 32. Rxg6 Qxe5 33. Rxe5 Kh7 34.
Rg2 Kh6 35. Re6+ Kh5 36. Re7 Kh6 37. Rxc7 Rf3 38. Rxc5 Rxa3 39. Ra5 Rb4 40. Ra6+
Kh7 41. d6 Rd3 42. Ra7+ Kh6 43. c5 Rc4 44. Rc7 Rd1+ 45. Ka2 Rcc1 46. Ka3 Rc4 47.
b3 Rd3 48. d7 axb3 49. Rc6+ Kh5 50. Rd6 Rcc3 1-0

[Event "Russia Cup Final Women 2012"]
[Site "Khanty-Mansiisk RUS"]
[Date "2012.12.05"]
[Round "1.2"]
[White "Timofeeva,Ekaterina"]
[Black "Kovanova,B"]
[Result "0-1"]
[WhiteTitle "WIM"]
[BlackTitle "WGM"]
[WhiteElo "2307"]
[BlackElo "2378"]
[WhiteFideId "4193172"]
[BlackFideId "4164083"]
[EventDate "2012.12.04"]

1. Nf3 Nf6 2. g3 b6 3. Bg2 Bb7 4. c4 e6 5. Nc3 Be7 6. O-O O-O 7. Re1 Ne4 8. Nxe4
Bxe4 9. d3 Bb7 10. e4 c5 11. d4 cxd4 12. Nxd4 Nc6 13. Nb5 d6 14. b3 a6 15. Nc3
Bf6 16. Bb2 b5 17. cxb5 axb5 18. Qd2 Qa5 19. Red1 Rfd8 20. h3 h6 21. Kh2 Bd4 22.
f4 b4 23. Na4 e5 24. f5 f6 25. Rac1 Rac8 26. Rc4 Bxb2 27. Qxb2 Nd4 28. Rdc1 Rxc4
29. Rxc4 Ba6 30. Rc1 Bb5 31. h4 Kh8 32. g4 Qa7 33. Qd2 Ne2 34. Rf1 Nf4 35. Rxf4
exf4 36. Qxf4 Bxa4 37. bxa4 Qxa4 38. g5 fxg5 39. hxg5 Qe8 40. Qh4 Qe7 41. Bf3
Qxg5 42. Qxg5 hxg5 43. Bd1 Re8 44. Bf3 Ra8 0-1

[Event "Russia Cup Final Women 2012"]
[Site "Khanty-Mansiisk RUS"]
[Date "2012.12.05"]
[Round "1.3"]
[White "Fominykh,M"]
[Black "Goryachkina,A"]
[Result "1/2-1/2"]
[WhiteTitle "WIM"]
[BlackTitle "WGM"]
[WhiteElo "2279"]
[BlackElo "2397"]
[WhiteFideId "4142411"]
[BlackFideId "4147103"]
[EventDate "2012.12.04"]

1. d4 d5 2. c4 c6 3. Nf3 Nf6 4. Nc3 dxc4 5. a4 Bf5 6. e3 e6 7. Bxc4 Bb4 8. O-O
Nbd7 9. Nh4 O-O 10. Nxf5 exf5 11. Qf3 g6 12. h3 Nb6 13. Bb3 Nbd5 14. Na2 Bd6 15.
g4 fxg4 16. hxg4 Qe7 17. Nc3 Nxc3 18. bxc3 Ne4 19. Kg2 Nxc3 20. Bc2 Rae8 21. Rh1
Ne4 22. Qh3 f6 23. f3 Ng5 24. Qh4 Qg7 25. e4 Nf7 26. Rb1 b6 27. f4 Bxf4 28. Bxf4
g5 29. Qg3 gxf4 30. Qxf4 Ng5 31. Rh5 Ne6 32. Bb3 Kh8 33. Bxe6 Rxe6 34. Rbh1 Re7
35. Rxh7+ Qxh7 36. Rxh7+ Rxh7 37. e5 Rhf7 38. e6 Re7 39. Qh6+ Kg8 40. Qg6+ Kh8
41. Qh6+ Kg8 42. Qg6+ 1/2-1/2

[Event "Russia Cup Final Women 2012"]
[Site "Khanty-Mansiisk RUS"]
[Date "2012.12.05"]
[Round "1.4"]
[White "Goryachkina,A"]
[Black "Fominykh,M"]
[Result "1/2-1/2"]
[WhiteTitle "WGM"]
[BlackTitle "WIM"]
[WhiteElo "2397"]
[BlackElo "2279"]
[WhiteFideId "4147103"]
[BlackFideId "4142411"]
[EventDate "2012.12.04"]

1. d4 d6 2. Nf3 g6 3. c4 Bg7 4. e4 c6 5. Nc3 e5 6. Be2 Nd7 7. O-O Ngf6 8. Be3
O-O 9. dxe5 dxe5 10. Nd2 Qe7 11. Rb1 Nc5 12. b4 Ne6 13. c5 Rd8 14. Qc2 Nd4 15.
Bxd4 exd4 16. Nd1 Bh6 17. Bd3 Nh5 18. Nc4 Qg5 19. Kh1 Nf4 20. f3 Bf8 21. g3 Nh5
22. Qg2 Nf6 23. Nf2 b5 24. f4 Qh5 25. Ne5 Ng4 26. Be2 Nxf2+ 27. Qxf2 Qh6 28.
Nxc6 Bb7 29. Nxd8 Bxe4+ 30. Bf3 Bxf3+ 31. Qxf3 Rxd8 32. Qd3 Qh5 33. Kg1 Qd5 34.
a3 a5 35. Rfd1 axb4 36. axb4 Bg7 37. Rbc1 h5 38. c6 h4 39. c7 Rc8 40. Rc5 Qd7
41. Rdc1 h3 42. Qxb5 Qe6 43. Qd3 Qa2 44. Qc2 Qa3 45. Qe2 d3 46. Qg4 Qa8 47. Rc6
Bd4+ 48. Kf1 d2 49. Rxg6+ Bg7 50. Qe6 Kh8 51. Qxh3+ Kg8 52. Qe6 Kh8 53. Qh3+ Kg8
54. Qe6 1/2-1/2

[Event "Russia Cup Final Women 2012"]
[Site "Khanty-Mansiisk RUS"]
[Date "2012.12.06"]
[Round "2.1"]
[White "Charochkina,D"]
[Black "Girya,O"]
[Result "1/2-1/2"]
[WhiteTitle "WGM"]
[BlackTitle "WGM"]
[WhiteElo "2317"]
[BlackElo "2467"]
[WhiteFideId "4180917"]
[BlackFideId "4195752"]
[EventDate "2012.12.04"]

1. d4 Nf6 2. c4 e6 3. Nc3 Bb4 4. Qc2 O-O 5. a3 Bxc3+ 6. Qxc3 b6 7. Bg5 c5 8.
dxc5 bxc5 9. e3 d6 10. Bd3 Nbd7 11. Ne2 Qb6 12. Rb1 a5 13. b3 Rb8 14. O-O Bb7
15. Qc2 h6 16. Bh4 Rfe8 17. Nc3 Qc6 18. f3 Ba6 19. Qd2 Rb6 20. Ne4 Nxe4 21. Bxe4
Qc7 22. Qxa5 Bb7 23. Bxb7 Qxb7 24. Qd2 Ra8 25. a4 Rxb3 26. Rxb3 Qxb3 27. Qxd6
Qxc4 28. Qxd7 Qxh4 29. Qc6 Rxa4 30. Qxc5 Ra2 31. Qb5 Qa4 32. Qxa4 Rxa4 33. e4 h5
34. h4 g6 35. Kf2 Ra2+ 36. Kg3 Kg7 37. Rd1 Kf6 38. Rd7 Re2 39. Rb7 Kg7 40. Rc7
Kf6 41. Rb7 Ke5 1/2-1/2

[Event "Russia Cup Final Women 2012"]
[Site "Khanty-Mansiisk RUS"]
[Date "2012.12.06"]
[Round "2.1"]
[White "Goryachkina,A"]
[Black "Kovanova,B"]
[Result "1/2-1/2"]
[WhiteTitle "WGM"]
[BlackTitle "WGM"]
[WhiteElo "2397"]
[BlackElo "2378"]
[WhiteFideId "4147103"]
[BlackFideId "4164083"]
[EventDate "2012.12.04"]

1. d4 Nf6 2. c4 e6 3. Nf3 b6 4. g3 Bb7 5. Bg2 Be7 6. Nc3 Ne4 7. Bd2 Bf6 8. O-O
O-O 9. Rc1 Nxd2 10. Qxd2 d6 11. d5 Nd7 12. Bh3 e5 13. b4 g6 14. e4 Bg7 15. Qc2
a5 16. a3 Ba6 17. Nb5 Nf6 18. Ne1 Bh6 19. Rb1 axb4 20. axb4 Bxb5 21. cxb5 Qe7
22. Qe2 Ra7 23. Nc2 Rfa8 24. Qc4 Qe8 25. Rfd1 Bg5 26. Bg2 h5 27. Qc6 h4 28.
Qxe8+ Nxe8 29. Bf1 Kf8 30. Bc4 Nf6 31. Bd3 Ra2 32. Kg2 hxg3 33. hxg3 Kg8 34. Kf3
R8a7 35. Ra1 Rxa1 36. Rxa1 Rxa1 37. Nxa1 Bd2 38. Nc2 Kf8 39. Bf1 Ke7 40. Bh3 Bc1 1/2-1/2

[Event "Russia Cup Final Women 2012"]
[Site "Khanty-Mansiisk RUS"]
[Date "2012.12.07"]
[Round "2.2"]
[White "Girya,O"]
[Black "Charochkina,D"]
[Result "1/2-1/2"]
[WhiteTitle "WGM"]
[BlackTitle "WGM"]
[WhiteElo "2467"]
[BlackElo "2317"]
[WhiteFideId "4195752"]
[BlackFideId "4180917"]
[EventDate "2012.12.04"]

1. d4 d5 2. c4 c6 3. Nf3 Nf6 4. Nc3 e6 5. cxd5 cxd5 6. Bf4 Nc6 7. e3 Bd6 8. Bd3
Bxf4 9. exf4 Qb6 10. O-O Qxb2 11. Nb5 O-O 12. a3 a6 13. Rb1 Qa2 14. Nc7 Ra7 15.
Qc1 Ne4 16. Rb6 Bd7 17. Bxe4 dxe4 18. Ne5 Rc8 19. Nxd7 Rxc7 20. Ne5 Qd5 21. Nxc6
Rxc6 22. Rxc6 bxc6 23. Qb2 Rd7 24. Qb6 Qxd4 25. Qxc6 Qd3 26. Re1 g6 27. h3 Rd4
28. Re3 Qc4 29. Qa8+ Kg7 30. Kh2 Rd5 31. Qb7 Qc2 32. Qb4 Qxf2 33. Qxe4 Qb2 34.
Qc4 a5 35. Qc7 Rd2 36. Qc6 Rf2 37. Qe4 Qd2 38. Qe5+ f6 39. Qc7+ Kh6 40. Rg3 Rxf4
41. Qb8 Kg7 42. Qc7+ Kh6 43. Qb8 Kg7 44. Qc7+ Kh6 1/2-1/2

[Event "Russia Cup Final Women 2012"]
[Site "Khanty-Mansiisk RUS"]
[Date "2012.12.07"]
[Round "2.3"]
[White "Charochkina,D"]
[Black "Girya,O"]
[Result "0-1"]
[WhiteTitle "WGM"]
[BlackTitle "WGM"]
[WhiteElo "2317"]
[BlackElo "2467"]
[WhiteFideId "4180917"]
[BlackFideId "4195752"]
[EventDate "2012.12.04"]

1. d4 d5 2. c4 e6 3. Nf3 Nf6 4. Nc3 c5 5. cxd5 Nxd5 6. e4 Nxc3 7. bxc3 cxd4 8.
cxd4 Bb4+ 9. Bd2 Bxd2+ 10. Qxd2 O-O 11. Bc4 Nd7 12. O-O b6 13. Rfe1 Bb7 14. Rad1
Qc7 15. Rc1 Qd6 16. e5 Qe7 17. Ng5 Rfd8 18. Bd3 Nf8 19. Be4 Bd5 20. Bxd5 Rxd5
21. Ne4 Ng6 22. f4 Rad8 23. Nd6 Nh4 24. Qd3 Nf5 25. Nxf5 exf5 26. Qxf5 Rxd4 27.
h3 g6 28. Qg4 h5 29. Qf3 Rd3 30. Re3 Qa3 31. Rce1 Rxe3 32. Rxe3 Qxa2 33. e6 fxe6
34. Qe4 Qa1+ 35. Kh2 Qf6 36. Rg3 Kh7 37. Rg5 Rd4 38. Rxh5+ Kg8 39. Qe5 Qxf4+ 40.
Qxf4 Rxf4 41. Re5 Kf7 42. Re3 Rc4 43. Ra3 a5 44. Kg3 Rc5 45. Kf4 Kf6 46. Ke4
Rc4+ 47. Kd3 Rf4 48. Rb3 Rb4 49. Rc3 a4 50. Rc8 Rb2 51. Rb8 Rxg2 52. Rxb6 Rg3+
53. Ke4 Rxh3 54. Ra6 a3 55. Kf4 g5+ 56. Ke4 Rb3 57. Ra8 Rb4+ 58. Ke3 Rh4 59. Kf3
Rh3+ 60. Ke4 Rb3 61. Ra7 Kg6 62. Re7 Kh5 63. Rxe6 Rb4+ 64. Kf3 Ra4 65. Re1 a2
66. Rh1+ Kg6 67. Ra1 Kf5 68. Kg3 Ra3+ 69. Kg2 Kf4 70. Kf2 Ke4 71. Ke2 g4 72. Kd2
Kf3 73. Kc2 Kf2 74. Kb2 Ra7 0-1